000
00355nam a2200157Ia 4500
005
20250425160852.0
008
250425s9999 xx 000 0 und d
041
_a
spa
245
0
_a
CASAS DE LAS AMERICAS ANO XXX # 176
250
_a
1A ED.
260
_a
Cuba
_b
S.E.
_c
1900
260
_a
LA HABANA
500
_a
9.842
942
_c
01
010
_a
7254
999
_c
197852
_d
197852